000 005760000a22002050004500
020 _a950-683-023-1
041 0 _aSPA
082 0 4 _aG 266 S8885m
100 1 _aStott, John R. W.
245 1 0 _aLa misión cristiana hoy / John R. W. Stott; David Powell, Traductor
250 _a2
260 _aBuenos Aires, Argentina : Certeza
300 _a203 Pag
500 _aTitulo original : Christian mission in the modern world
001 7396
942 _cBK
999 _c37611
_d37611
336 _atexto
_btxt
_2rdacontent
337 _2rdamedia
_asin mediación
_bn
338 _2rdacarrier
_avolumen
_bnc